Normal view
MARC view
Entry Personal Name
001 - CONTROL NUMBER
- control field: 115994
003 - CONTROL NUMBER IDENTIFIER
- control field:
005 - DATE AND TIME OF LATEST TRANSACTION
- control field: 20210601184729.0
008 - FIXED-LENGTH DATA ELEMENTS
- fixed length control field: 210601|| aca||aabn | a|a d
040 ## - CATALOGING SOURCE
- Original cataloging agency:
- Transcribing agency:
100 ## - HEADING--PERSONAL NAME
- Personal name: Bennett, J.A.W
670 ## - SOURCE DATA FOUND
- Source citation: Work cat.: (): Bennett, J.A.W., Middle English literature 1110-1400/, 1990
